Indonesia Quiz - Statistics

General Stats
  • This quiz has been taken 41 times
  • The average score is 14 of 15
Answer Stats
Question Answer % Correct
What ideology Is Indonesia? Democracy
100%
The National Carrier Of Indonesia Is? Garuda Indonesia
100%
What Is The Main Religion Of Indonesia? Islam
100%
What is The Capital Of Indonesia? Jakarta
100%
What is The Largest cities In Indonesia Jakarta, Bandung, And Surabaya
100%
What Is The Most Populated Island In Indonesia? Java
100%
What Country Borders Indonesia On Borneo island? Malaysia
100%
What Is The National Monument Of Indonesia? Monas
100%
Where Is Indonesia Located? South East Asia (SEA)
100%
Who Was The Longest serving President Of Indonesia? Suharto
100%
Who Is The First President Of indonesia? Sukarno
100%
What is The Largest Export Partner Of Indonesia? China
90%
What Is The Independence Date Of The Republic Of Indonesia? The 17'th Of August 1945
90%
What Is The National Bird Of indonesia? The Garuda Bird
90%
What Is the Deadliest Crash In Indonesia? Garuda Indonesia Flight 152
30%
No matching quizzes found
Score Distribution
Percent of People with Each Score
Percentile by Number Answered
Your Score History
You have not taken this quiz